Poddzielnice Białołęki - Statystyki

Ogólne statystyki
  • Ten quiz został rozwiązany 80 razy
  • Średni wynik to 7 z 11
Statystyki odpowiedzi
Hint Odpowiedź % Poprawnych
1 tarchomin
97%
2 nowodwory
75%
7 zeran
73%
11 bialoleka dworska
59%
3 grodzisk
58%
9 kobialka
58%
5 choszczowka
56%
10 henrykow
56%
8 szamocin
51%
4 brzeziny
44%
6 dabrowka szlachecka
42%
Nie znaleziono quizów pasujących do podanych kryteriów
Rozkład punktacji
Procent ludzi z każdym wynikiem
Percentyl według liczby udzielonych odpowiedzi
Twoja historia wyników
Nie rozwiązałeś tego quizu